00358nam a2200133Ia 4500008004100000020001500041041001200056100001800068245007000086250000800156260003400164300001000198650001600208221030s9999 xx 000 0 und d a9382609582 aEnglish aR. S. Salaria 0aData Structures - Theory, Problems & Algorithmscby R. S. Salaria a2nd bKhanna Pub.aNew Delhic2015 a12.33 aBB Computer